Pinellas County (FL) Cities Quiz - Statistics

General Stats
  • This quiz has been taken 13 times
  • The average score is 14 of 37
Answer Stats
Population Answer % Correct
263,553 St. Petersburg
100%
116,850 Clearwater
89%
82,248 Largo
89%
35,930 Dunedin
67%
4,975 Kenneth City
56%
19,252 Seminole
56%
8,732 St. Pete Beach
56%
25,872 Tarpon Springs
56%
11,655 Gulfport
44%
3.640 Indian Rocks Beach
44%
1,192 Indian Shores
44%
21,237 Lealman
44%
14,831 Oldsmar
44%
16,955 Safety Harbor
44%
4,072 Tierra Verde
44%
6,522 Treasure Island
44%
9,834 Bardmoor
33%
4,495 Belleair
33%
33,629 East Lake
33%
3,289 Feather Sound
33%
3,999 Madeira Beach
33%
62,281 Palm Harbor
33%
53,456 Pinellas Park
33%
2,164 Redington Shores
33%
2,717 Bay Pines
22%
1,617 Belleair Beach
22%
2,286 Belleair Bluffs
22%
2,889 Harbor Bluffs
22%
1,469 North Redington Beach
22%
3,020 Ridgecrest
22%
5,288 South Pasadena
22%
14,277 West Lealman
22%
2,066 Bear Creek
11%
75 Belleair Shore
11%
2,356 Greenbriar
11%
1,373 Redington Beach
11%
5,325 South Highpoint
11%
No matching quizzes found
Score Distribution
Percent of People with Each Score
Percentile by Number Answered
Your Score History
You have not taken this quiz